Transactional information systems : theory, algorithms, and the practice of concurrency control and recovery

Αποθηκεύτηκε σε:
Λεπτομέρειες βιβλιογραφικής εγγραφής
Κύριος συγγραφέας: Weikum, Gerhard
Άλλοι συγγραφείς: Vossen, Gottfried
Μορφή: Βιβλίο
Γλώσσα:English
Δημοσίευση: San Francisco : Morgan Kaufmann, c2002
Σειρά:Morgan Kaufmann series in data management systems
Θέματα:
Ετικέτες: Προσθήκη ετικέτας
Δεν υπάρχουν, Καταχωρήστε ετικέτα πρώτοι!

MARC

LEADER 00000nam a2200000 i 4500
001 1/57916
008 020131s2002 eng d
020 |a 1-55860-508-8 
035 |l 10000240 
040 |a GR-MY-UA  |b gre  |e aacr 
041 0 |a eng 
082 0 |a 005.74 
100 1 |a Weikum, Gerhard. 
245 1 0 |a Transactional information systems :  |b theory, algorithms, and the practice of concurrency control and recovery /  |c Gerhard Weikum, Gottfried Vossen 
260 |a San Francisco :   |b Morgan Kaufmann,   |c c2002 
300 |a xxv, 852 p.;  |b ill.;  |c 25 cm. 
490 1 |a Morgan Kaufmann series in data management systems 
504 |a Includes bibliographical references and index 
650 0 0 |a Transaction systems (Computer systems) 
700 1 |a Vossen, Gottfried. 
830 0 |a Morgan Kaufmann series in data management systems 
852 |a INST  |b SYROS  |e 20020131  |h 005.74 WEI  |p 005500000599  |q 005500000599  |t BK  |y 0 
852 |a INST  |b SYROS  |e 20020131  |h 005.74 WEI  |p 005500000600  |q 005500000600  |t BK  |y 0 
901 |a BIBL5-2002-1 
909 |a Ε  |b 088879 
909 |a Ε  |b 088880 
922 |a 5ΕΛΗ  |b 200108  |c ΕΠΕΑΕΚ2/183  |d ΠΑΠΑΣΩΤΗΡΙΟΥ 
970 |a ΚΟΝΤΟΥ  |b ΠΑΡΑΣΚΕΥΗ  |z 2002/01/31